000 02712nam0a22003491 4500
001 rc\3553463
005 20260406235245.0
021 _aRU
_b[70-36754]
035 _a(NLR Aleph) 007676053
090 _a6486942
_c6486942
100 _a20130115d1970 |||y0rusy50 ca
101 0 _arus
102 _aRU
105 _aac b |||||
200 1 _aЖивопись. Скульптура. Графика. Монументально-декоративное искусство. Театрально-декорационное искусство. Прикладное искусство
_eКаталог
_fВолгогр. обл. упр. культуры. Волгогр. организация Союза художников РСФСР. Обл. юбилейная темат. худож. выставка, посвящ. 100-летию со дня рождения В.И. Ленина
210 _aВолгоград
_cН.-Волж. кн. изд-во
_d1970
215 _a24 с., 11 л. ил.
_cпортр.
_d16
517 0 _aМонументально-декоративное искусство. Театрально-декорационное искусство. Прикладное искусство
517 0 _aТеатрально-декорационное искусство. Прикладное искусство
517 0 _aГрафика. Монументально-декоративное искусство. Театрально-декорационное искусство. Прикладное искусство
517 0 _aПрикладное искусство
517 0 _aСкульптура. Графика. Монументально-декоративное искусство. Театрально-декорационное искусство. Прикладное искусство
606 _aРусское советское декоративно-прикладное искусство
_xВыставки
_z1970
_yВолгоград
_2psbo
606 _aТеатрально-декорационное искусство, русское, советское
_xВыставки
_z1970
_yВолгоград
_2psbo
606 _aРусское советское изобразительное искусство
_xВыставки
_z1970
_yВолгоград
_2psbo
710 0 2 _aВолгоградская областная тематическая художественная выставка, посвященная 100-летию со дня рождения В. И. Ленина
_f1970
_9473652
_3RU\NLR\AUTH\889989056
801 0 _aRU
_bNLR
_gpsbo
801 1 _aRU
_bELAR
_2rusmarc
852 _aNLR
_bЭ
_jКВ671.5/1970
942 _cBOOK
980 _aNB